000 00217nam a22000977a 4500
003 SGT
245 _aJournal of Public Health Dentistry
260 _bWiley Publisher
_c2013,2016
300 _a400,340,350
942 _2ddc
_cBV
999 _c30238
_d30238